Statistics for Classic movies by clue

Click here to take the quiz!

General Stats

  • This quiz has been taken 62 times
  • The average score is 4 of 16

Answer Stats

HintAnswer% Correct
Inconcievable, Cliffs of Insanity, Cary ElwesThe Princess Bride
72%
Newspaper, Puzzles, SledCitizen Kane
57%
Leg, Santa, Red RyderA Christmas Story
44%
Gopher, Noonan, ClubCaddyshack
43%
Ned Ryerson, Sonny & Cher, RepeatGroundhog Day
43%
One Eye Willie, Corey Feldman, Need I say more?Goonies
41%
Stayin' Alive, Inflatable Doll, FlightAirplane
28%
String Bass, Sugar, Diamond BraceletSome Like It Hot
19%
Grits, Way Down South, GlassesMy Cousin Vinny
7%
Robbing Banks, Bolivia, HorsesButch Cassidy & The Sundance Kid
7%
Teacher, Scare the Substitute, Giving Birth during ExamSummer School
6%
North Star, CIT, SpazMeatballs
4%
Frank Miller, Horses, TrainHigh Noon
4%
Daulton, Polar Bear, CageRoadhouse
4%
Island, Volleyball, Fed-ExCast Away
4%
Rusty, Wagon, ChevyVacation
2%

Score Distribution

Percentile by Number Answered

Percent of People with Each Score

Your Score History

You have not taken this quiz